000 00493nam a2200157Ia 4500
008 240729s9999 xx 000 0 und d
022 _a2094-1501
245 0 _aPhilippine Journal of Otolaryngology Head and Neck Surgery
260 _aPhilippines
260 _bPhilippine Society of Otolaryngology-Head and Neck Surgery, Inc.
650 _a Otorhinolaryngology
650 _aMedicine
856 _uhttps://doaj.org/toc/8afc2c907fd04642a07e4f65c2f48eaf
942 _2ddc
942 _cDOAJEJ
999 _c70134
_d70134
945 _a1
_bMadushi Gamage
_c1
_dMadushi Gamage